ՀՀ Գիտությունների ազգային ակադեմիայի հիմնարար գիտական գրադարան  =   Fundamental Scientific Library of NAS RA

Шедевры Государственного музея изобразительных искусств им. А.С. Пушкина (Record no. 221418)

MARC details
000 -LEADER
fixed length control field 00958nam a2200205 u 4500
001 - CONTROL NUMBER
control field 000633072
003 - CONTROL NUMBER IDENTIFIER
control field AM-YeHGA
005 - DATE AND TIME OF LATEST TRANSACTION
control field 20250617140521.0
008 - FIXED-LENGTH DATA ELEMENTS--GENERAL INFORMATION
fixed length control field 090217s1986 ||||||||||||||||||||rus|c
040 ## - CATALOGING SOURCE
Original cataloging agency AM-YeHGA
041 0# - LANGUAGE CODE
Language code of text/sound track or separate title rus
090 ## - LOCALLY ASSIGNED LC-TYPE CALL NUMBER (OCLC); LOCAL CALL NUMBER (RLIN)
-- 222950
100 1# - MAIN ENTRY--PERSONAL NAME
Personal name Антонова, Ирина Александровна
Relator term авт.
Relationship aut
Relator term сост.
Relationship com
245 10 - TITLE STATEMENT
Title Шедевры Государственного музея изобразительных искусств им. А.С. Пушкина
Medium [изоматериал] :
Remainder of title Альбом /
Statement of responsibility, etc. Авт. текста и сост. И.А. Антонова ; Пер. М. Берди.
246 15 - VARYING FORM OF TITLE
Title proper/short title Masterpieces from the Pushkin museum of fine arts / Moscow
260 ## - PUBLICATION, DISTRIBUTION, ETC.
Place of publication, distribution, etc. Москва :
Name of publisher, distributor, etc. Советский художник,
Date of publication, distribution, etc. 1986.
300 ## - PHYSICAL DESCRIPTION
Extent 160 с. :
Other physical details ил.
650 14 - SUBJECT ADDED ENTRY--TOPICAL TERM
Topical term or geographic name entry element Рисование и прикладное искусство
General subdivision Живопись
700 1# - ADDED ENTRY--PERSONAL NAME
Personal name Берди, М.
Relator term пер.
Relationship trl
Holdings
Withdrawn status Lost status Damaged status Not for loan Collection Home library Current library Date acquired Total checkouts Full call number Barcode Date last seen Price effective from Koha item type Public note
        General Fundamental Scientific Library Fundamental Scientific Library 29/12/2016   PIII/55330 FL0406892 29/12/2016 29/12/2016 Գրքեր / Books 30 Days Loan


ՀՀ ԳԱԱ հիմնարար գիտական գրադարան
ՀՀ,Երևան 0019
Մարշալ Բաղրամյան 24/6
հեռախոս:(374-10) 52-47-50
Հետադարձ կապ

All site content, except where otherwise noted, is licensed under a
Creative Commons License